000 00462ntaaa2200181 4500
003 01
005 20251027201944.0
008 0714s1973 ag 01
040 _aAR-BaBN
_bspa
_cAR-BaBN
_eaacr
_dRIC
082 _a248.0000 H87
100 _aHuegel, Federico J.
_911818
245 _aSiempre triumfante
250 _a1 ed. :
_bAurora,
_c1957
300 _a115 p.
500 _ael secreto de la vida victoriosa cristiana
650 _aVida Cristiana
942 _cBK
999 _c14304
_d14304